01034cam a22003251 4500001001300000003000400013005001700017008004100034010001700075035002000092040001800112042001200130050001700142100003900159245007900198260001300277300003500290440003900325500004800364500003500412650002500447700002700472700002500499700002500524700006400549740003200613740002200645740002400667999001700691sa 65004877 DLC20260227112133.0910117m19601964ii 000 0 sano  asa 65004877  a(OCoLC)22976492 aDLCcWaUdDLC apremarc00aR127.2b.V340 aVāgbhaṭa,dactive 7th century.10aŚrīvāgbhaṭaviracitaṃ Aṣtāṅgahr̥dayam: Cikitsitasthānam. c1960-64. a2 v. in 1 (ii, 511 p.)c24 cm. 0aSri Ravi Varma Sanskrit series,v9 aCover title in English: Ashtarangahridayam. aIn Sanskrit; pref. in English. 0aMedicine, Ayurvedic.1 aIndu, Śaśilekhā.2 aAchyutha Poduval, K.2 aRaman Nambiar, C. K.0 aAruṇadatta,dactive 12th century.tSarvāṅgasundarī.0 aAṣṭāṅgaḥr̥dayam.0 aAshtangahridayam.0 aCikitsitasthānam. c63980d63980